000 00850nmm a2200277 a 4500
003 AR-BaBNM
005 20251128211704.0
008 275020s2005 ||||||||||||||000 | spa||
020 _a950-9837-16-4
040 _cAR-BaBNM
245 1 0 _aAborígenes del Gran Chaco
_bfotografías de Grete Stern, 1958-1964
260 _aBuenos Aires
_bFundación Antorchas
_c2005
_bFundación CEPPA
300 0 _a176 p.
_bfot.
500 0 _aContiene la traducción del texto en inglés al final del libro
650 4 _aANTROPOLOGIA CULTURAL Y SOCIAL
650 4 _aHISTORIA SOCIAL
650 4 _aHISTORIA DE LAS COSTUMBRES
650 4 _aABORIGENES ARGENTINOS
650 4 _aTOBAS
651 4 _aChaco
700 1 _aPriamo, Luis
_eselección
700 1 _aStern, Grete
_efotógrafo
700 1 _aBarnett, Ian
_etraductor
942 _cBK
998 _cmariana
999 _c20726
_d20726